000 00408nam a2200157Ia 4500
005 20240807062419.0
008 240806s9999||||xx |||||||||||||| ||eng||
041 _aeng
082 _a891.433009
_bTRIA
100 _aAaditya Prasad Tripathi
245 0 _aAaupnyasik samikcha aur samikchaye /
_cAaditya Prasad Tripathi
260 _bAnubhav Prakashan Kanpur
300 _a0
650 _aHindi
942 _cBK
999 _c18236
_d18236